000 00254nam a2200097Ia 4500
001 686730
005 20250826161542.0
008 250824s9999 xx 000 0 und d
245 0 _aYalnızlık Paylaşılmaz
_cÖZDEMİR ASAF
260 _bYAPI KREDİ YAYINLARI
999 _c686730
_d686730